Geography Quiz

Random Geography or Flags Quiz

Flags of the World: Progressively Harder Quiz Stats

 Plays Quiz Updated Jul 2, 2018

Score 0/197 Timer 20:00
1 Play Today
% Correct
Japan
98.8%
Canada
97.3%
United States
96.3%
United Kingdom
95.5%
France
95.2%
Germany
94.9%
South Korea
94.5%
Italy
93.8%
Switzerland
93.8%
Israel
93.2%
Brazil
93%
China
91.9%
Australia
91.7%
Sweden
91.3%
Greece
89.7%
Spain
89.3%
Ireland
88.6%
Finland
88%
Jamaica
87.4%
Norway
87.2%
New Zealand
86.9%
Turkey
85.7%
South Africa
85.6%
India
82.6%
Mexico
82.5%
Argentina
81.9%
Denmark
81.6%
Russia
80.2%
Poland
80.1%
Belgium
80.1%
Portugal
79.1%
Saudi Arabia
78.2%
Iraq
77.5%
Cyprus
76.8%
Croatia
74.5%
Iceland
74.1%
Ukraine
72.6%
Czechia
72.3%
Kenya
71.9%
Nepal
71.9%
Netherlands
71.8%
Slovakia
68.1%
Lebanon
67.4%
North Korea
67%
Albania
66.9%
Estonia
66.8%
Cuba
66.7%
Romania
66.3%
Nigeria
66.1%
Austria
65.6%
Vatican City
65.6%
Pakistan
65%
Macedonia
64.8%
Iran
64.5%
Chile
64.3%
Uruguay
64.3%
Georgia
63.4%
Vietnam
63.1%
Slovenia
62.1%
Egypt
61.1%
Malaysia
60.4%
Sri Lanka
60.3%
Latvia
57.7%
Venezuela
57.4%
Cambodia
57.3%
Hungary
57.2%
% Correct
Colombia
57%
Qatar
56.9%
Barbados
56.8%
Bangladesh
56.1%
Serbia
55.9%
Panama
55.8%
Morocco
54.9%
Bhutan
54.8%
Algeria
54.4%
Trinidad & Tobago
54.2%
Cote d'Ivoire
54.2%
Syria
54%
Malta
53.9%
Belarus
51.9%
Thailand
51.6%
Kosovo
51.3%
Bulgaria
51%
Ghana
50.5%
Bosnia and Herzegovina
50.5%
Fiji
50.4%
Honduras
50.4%
Angola
50%
Ecuador
49.4%
Luxembourg
48.6%
Bahrain
48.4%
Peru
48.2%
Seychelles
48.1%
Tunisia
47.9%
Monaco
47.1%
Kazakhstan
46.6%
Indonesia
46.2%
Bahamas
46.1%
Uganda
45.9%
Liberia
45.8%
Afghanistan
45.5%
eSwatini
44.3%
Andorra
44.1%
San Marino
43.5%
Montenegro
43.4%
Cameroon
42.8%
Liechtenstein
42.7%
Laos
42.4%
Singapore
42.4%
Dominican Republic
41.3%
Mongolia
41.2%
Moldova
41%
Libya
41%
Somalia
40.6%
United Arab Emirates
40.4%
Philippines
40.2%
Paraguay
40%
Armenia
39.9%
Kuwait
39.8%
Zimbabwe
39.4%
St Lucia
38.7%
Papua New Guinea
38.5%
Turkmenistan
38.3%
Jordan
38%
Costa Rica
37.9%
Lithuania
37.8%
Brunei
37.8%
Nicaragua
37.7%
El Salvador
36.5%
Haiti
36.5%
Taiwan
36.4%
Botswana
36.3%
% Correct
Togo
35.4%
Central African Republic
35.2%
Niger
35.1%
Ethiopia
34.9%
Tonga
34.6%
Uzbekistan
34.1%
Guatemala
34.1%
Senegal
33.9%
Yemen
33.8%
Kiribati
33.7%
Chad
33.3%
Micronesia
33%
Oman
32.9%
Dominica
32.7%
Antigua & Barbuda
32.6%
Zambia
32.5%
Kyrgyzstan
32%
Azerbaijan
31.4%
Mozambique
31.2%
Belize
31.2%
Palau
31.1%
Lesotho
31.1%
Grenada
30.8%
Marshall Islands
30.7%
St Vincent and the Grenadines
30.6%
Tuvalu
30.1%
Maldives
29.7%
Burundi
29.3%
South Sudan
28.9%
Sudan
28.6%
Guyana
28.5%
Palestine
28.1%
Cabo Verde
27.4%
Mauritania
27.2%
Samoa
26.9%
Tanzania
26.3%
Comoros
26.3%
Timor-Leste
26.2%
Madagascar
26.1%
Burkina Faso
26.1%
Djibouti
26%
Malawi
25.4%
Bolivia
24.7%
Mauritius
24.4%
Benin
24.4%
St. Kitts & Nevis
24.3%
Democratic Republic of Congo
24.2%
Suriname
24.2%
Myanmar
24.2%
Nauru
24.1%
Tajikistan
23.7%
Sierra Leone
23.6%
Eritrea
23.2%
Vanuatu
23%
Mali
21.9%
Rwanda
21.6%
São Tomé and Príncipe
21.4%
Namibia
20.8%
Republic of Congo
20.6%
The Gambia
19.9%
Equatorial Guinea
19.7%
Solomon Islands
19.6%
Gabon
19.6%
Guinea
19.4%
Guinea-Bissau
19.2%

You're not logged in!

Compare scores with friends on all Sporcle quizzes.
OR
Log In

You Might Also Like...

Show Comments

Extras

Top Quizzes Today


Score Distribution

Your Account Isn't Verified!

In order to create a playlist on Sporcle, you need to verify the email address you used during registration. Go to your Sporcle Settings to finish the process.

Report this User

Report this user for behavior that violates our Community Guidelines.

Details: